000 01869cam a22005174i 4500
003 PE-LiUPU
005 20250731165640.0
008 150616s r 000 0 d
035 _a(Sirsi) a7109
035 _a(Sirsi) a7109
040 _aPE-LiUPU
_bspa
_cPE-LiUPU
_erda
049 _aPRUA
082 0 4 _a221.07
_bJ
_221
100 1 _aClines, David J. A.,
_eautor.
245 1 4 _aThe Theme of The Pentateuch.
_n10 /
_cDavid J. A. Clines.
264 1 _aSheffield, Inglaterra :
_bJSOT Press,
_c1994.
300 _a152 páginas ;
_c21 cm.
336 _atext
_2rdacontent
337 _aunmediated
_2rdamedia
338 _avolume
_2rdacarrier
490 0 _aJournal for the Study of The O. T. Suppl. Series ;
_v10
504 _aIncluye bibliografía.
505 0 _aMethod -- Definitions -- Indicators -- Statement -- Formulations -- Exposition -- Prefatory theme -- Divergences -- Literary history -- Function.
526 _aSEG44
526 _aSEG26
526 _aP151
526 _aP150
526 _aP149
526 _aP146
526 _aP145
526 _aP126
526 _aP125
526 _aP92
526 _aP75
526 _aP74
526 _aP27
526 _aP15
630 0 4 _aBiblia.
_pA.T.
_pPentaeuco
_xIntroducciones.
910 _ajck
_bjvq
_cjck
942 _2ddc
_cBOOK
949 _aRC 221.07 J 10
_wDEWEY
_c1
_i40525
_lRC
_mBUL
_r0
_sY
_tBOOK
_u2015-6-16
_xTEOLOGIA
_zUNKNOWN
_0COMPRA
_o.CIRCNOTE. No olvidar cambiar la fecha de devolución!!!!!!!
_o.STAFF. Colección General
994 _aC0
_bPEPRU
596 _a1
999 _aRC 221.07 J 10
_wDEWEY
_c58316
_i40525
_f2021-11-8
_g6
_lCCODEBUL1
_mBUL
_r1
_sY
_tBOOK
_u2015-6-16
_xTEOLOGIA
_zUNKNOWN
_0COMPRA
_o.CIRCNOTE. No olvidar cambiar la fecha de devolución!!!!!!!
_o.STAFF. Colección General
_d58316
980 _81
_gALBERTO SANCHEZ Responsable de Automatización